• 首页
  • 本馆介绍
  • 公告通知
  • 最新文献
  • 馆藏检索
  • 电子资源
  • 读者导购
  • 参考咨询
  • 我的图书馆
  • 登录
  • 详细信息显示
  • 放入我的书架
  • 预约/预借图书
  • 作者相关作品
  • 分类相关作品
  • 丛书相关作品
  • 出版社相关作品

书目信息

  • 表格格式
  • 工作单格式
  • 卡片格式
题名:
地质遗产保护与开发
    
 
作者: 方世明 , 李江风 著
分册:  
出版信息: 武汉   中国地质大学出版社  2011.03
页数: 10,130页
开本: 26cm
丛书名:
单 册:
中图分类: P562 , S759.93
科图分类:
主题词: 地质--文化遗产--保护--研究--中国 , 地质--国家公园--研究--中国 , 地质 , 文化遗产 , 国家公园
电子资源:
ISBN: 978-7-5625-2590-5
000 01250nam0 2200313 450
001 004869663
005 20130627095756.54
010    @a978-7-5625-2590-5@dCNY28.00
100    @a20110616d2011 em y0chiy50 ea
101 0  @achi@deng
102    @aCN@b420000
105    @aabk z 000yy
106    @ar
200 1  @a地质遗产保护与开发@9di zhi yi chan bao hu yu kai fa@dStudy on the geological heritage's protection and exploitation@f方世明,李江风著@zeng
210    @a武汉@c中国地质大学出版社@d2011.03
215    @a10,130页@c图,地图@d26cm
330    @a本书在对地质遗产概念厘定及与自然遗产和文化遗产关系研究的基础上,对地质遗迹资源调查评价、地质公园建设系统研究、地质公园规划理论方法、信息技术与地质遗产的开发保护工作等进行了详细系统的研究,并结合河南伏牛山世界地质公园项目的成功申报,对地质公园规划进行阐述。
510 1  @aStudy on the geological heritage's protection and exploitation@zeng
606 0  @a地质@x文化遗产@x保护@x研究@y中国
606 0  @a地质@x国家公园@x研究@y中国
606 0  @a地质
606 0  @a文化遗产
606 0  @a国家公园
690    @aP562@v4
690    @aS759.93@v4
701  0 @a方世明@9fang shi ming@4著
701  0 @a李江风@9li jiang feng@4著
801  0 @aCN@bNLC@c20110616
905    @b546479-83@dP562@e111@f5
    
    地质遗产保护与开发=Study on the geological heritage's protection and exploitation/方世明,李江风著.-武汉:中国地质大学出版社,2011.03
    10,130页:图,地图;26cm
    
    
    ISBN 978-7-5625-2590-5:CNY28.00
    本书在对地质遗产概念厘定及与自然遗产和文化遗产关系研究的基础上,对地质遗迹资源调查评价、地质公园建设系统研究、地质公园规划理论方法、信息技术与地质遗产的开发保护工作等进行了详细系统的研究,并结合河南伏牛山世界地质公园项目的成功申报,对地质公园规划进行阐述。
●
相关链接 在E读中查询图书 在五车中查询图书 在当当中查询图书 在豆瓣中查询图书


正题名:地质遗产保护与开发     索取号:P562/111         预约/预借

序号 登录号 条形码 馆藏地/架位号 状态 备注
1 546479   205464790   第二样本阅览室/ [索取号:P562/111] 在馆    
2 546480   205464807   第三借阅区/ [索取号:P562/111] 在馆    
3 546481   205464816   第三借阅区/ [索取号:P562/111] 在馆    
4 546482   205464825   第三借阅区/ [索取号:P562/111] 在馆    
5 546483   205464834   第三借阅区/ [索取号:P562/111] 在馆    
唐山师范学院图书馆 欢迎您!
大连网信软件有限公司© 版权所有